| 000 | 00653nam a2200205 i 4500 | ||
|---|---|---|---|
| 001 | 36589 | ||
| 003 | ES-MaACL | ||
| 005 | 20250808040851.0 | ||
| 007 | t| | ||
| 008 | 030218s1980 sp ||||1| spa d | ||
| 100 | 1 |
_aBrown, Jonathan, _d1939- _932005 |
|
| 245 | 1 | 0 |
_aImágenes e ideas en la pintura española del siglo XVII / _cJonathan Brown ; versión de Vicente Lleó Cañal. |
| 260 |
_a[Madrid] : _bAlianza, _c[1980] |
||
| 300 |
_a232 p., 7 lám. ; _c23 cm. |
||
| 490 | 1 | _aAlianza forma | |
| 700 | 1 |
_aLleó Cañal, Vicente. _972754 |
|
| 830 | 0 | 0 |
_aAlianza forma _9177869 |
| 852 |
_aES-MaACL _jL-570 _bR.101427 |
||
| 999 |
_c36589 _d36589 |
||